000 00303nam a22001337a 4500
008 170914b xxu||||| |||| 00| 0 eng d
020 _a9780130225658
041 _aeng
080 _24ED
_a7
100 _a44
101 _aART
245 _aREALITY THROUGH THE ARTS
_cSPORRE.J.D
942 _2udc
_cBK
999 _c27722
_d27722